| 000 | 01421nam0a2200289 4500 | ||
|---|---|---|---|
| 001 | RU\NLR\bibl\9096 | ||
| 005 | 20260407014818.0 | ||
| 021 |
_aRU _b98-10923 _9515 |
||
| 035 | _a(NLR Aleph) 000008893 | ||
| 090 |
_a28676 _c28676 |
||
| 100 | _a19981202d1998 |||y0rusy50 ca | ||
| 101 | 0 | _arus | |
| 102 | _aRU | ||
| 105 | _ay ||||||||| | ||
| 200 | 1 |
_aТехноценоз как наличное бытие и наука о технической реальности _eМатериалы к "круглому столу" конф. "Отнология и гносеология технической реальности", (Новгород Великий, 21-23 янв., 1998 г.) |
|
| 210 |
_aАбакан _cЦентр системных исслед. _d1998 |
||
| 215 |
_a179 с. _d21 |
||
| 320 | _aБиблиогр. : с. 176-179 и в конце статей | ||
| 606 | 0 |
_aТехнетика _xФилософские вопросы _92086170 _3RU\NLR\auth\661262300 |
|
| 606 | 0 |
_aТехноценозы _xФилософские вопросы _92086171 _3RU\NLR\auth\661262301 |
|
| 686 | _aЮ252:Ж | ||
| 711 | 1 | 2 |
_4070 _a"Онтология и гносеология технической реальности", конференция _eНовгород _f1998 _9503691 _3RU\NLR\AUTH\8810003222 |
| 801 | 0 |
_aRU _bNLR _c19981202 _gPSBO |
|
| 801 | 1 |
_aRU _bNLR _c19981202 |
|
| 852 |
_aNLR _j98-3/3244 |
||
| 942 | _cBOOK | ||
| 980 | _aNB | ||